[Event "Malente Silent op"]
[Site "Malente"]
[Date "2004.08.02"]
[Round "7"]
[White "Karmars, Aigars"]
[Black "Pietrucha, Ryszard"]
[Result "0-1"]
[WhiteElo "1805"]
[BlackElo "1805"]
[PlyCount "52"]
[EventDate "2004.08.04"]
[EventType "swiss"]
[EventRounds "9"]
[EventCountry "GER"]
[SourceTitle "EXT 2006"]
[Source "ChessBase"]
[SourceDate "2005.11.24"]
[SourceVersion "1"]
[SourceVersionDate "2005.11.24"]
[SourceQuality "1"]

1. d4 Nf6 2. c4 d5 3. Nc3 c6 4. Bf4 e6 5. Nf3 Bd6 6. Bxd6 Qxd6 7. c5 Qe7 8. e3 Nbd7 9. Bd3 0-0 10. 0-0 e5 11. e4 dxe4 12. Bxe4 exd4 13. Qxd4 Qxc5 14. Rad1 Qxd4 15. Rxd4 Nb6 16. h3 Be6 17. Ng5 Bd5 18. Nxd5 Nbxd5 19. Bxd5 Nxd5 20. Ne4 Rad8 21. Rfd1 Rde8 22. Nd6 Re7 23. b4 Nc3 24. R1d2 Ne2+ 25. Kf1 Nxd4 26. Rxd4 Rd7 0-1

[Event "Wisla Fianchetto op 5th"]
[Site "Wisla"]
[Date "2000.10.14"]
[Round "9.9"]
[White "Pietrucha, Ryszard"]
[Black "Cekala, Leon"]
[Result "1-0"]
[WhiteElo "2000"]
[BlackElo "2093"]
[PlyCount "68"]
[EventDate "2000.10.??"]
[EventType "swiss"]
[EventRounds "11"]
[EventCountry "POL"]
[SourceTitle "EXT 2005"]
[Source "ChessBase"]
[SourceDate "2004.11.15"]
[SourceVersion "1"]
[SourceVersionDate "2004.11.15"]
[SourceQuality "1"]

1. c4 f5 2. Nf3 Nf6 3. g3 g6 4. Nc3 Bg7 5. Bg2 0-0 6. d4 d6 7. 0-0 h6 8. e3 Kh7 9. Qc2 Na6 10. a3 c5 11. Rb1 Qe8 12. b4 cxd4 13. exd4 e5 14. dxe5 dxe5 15. Be3 e4 16. Nd4 Ng4 17. Ndb5 Nxe3 18. fxe3 Be6 19. Nd6 Qe7 20. Rfd1 Rad8 21. c5 Nc7 22. Qd2 Rd7 23. Bf1 a6 24. Rbc1 Rfd8 25. Na4 Nb5 26. Bxb5 axb5 27. Nb6 Rc7 28. Nxb5 Rxd2 29. Rxd2 Rc6 30. Nd4 Rxb6 31. cxb6 Bc4 32. Rc3 Bd3 33. Rc7 Qf6 34. Rxb7 f4 1-0

[Event "Wisla Fianchetto op 5th"]
[Site "Wisla"]
[Date "2000.10.10"]
[Round "5.11"]
[White "Flazinski, Jozef"]
[Black "Pietrucha, Ryszard"]
[Result "1-0"]
[WhiteElo "2023"]
[BlackElo "2000"]
[PlyCount "61"]
[EventDate "2000.10.??"]
[EventType "swiss"]
[EventRounds "11"]
[EventCountry "POL"]
[SourceTitle "EXT 2005"]
[Source "ChessBase"]
[SourceDate "2004.11.15"]
[SourceVersion "1"]
[SourceVersionDate "2004.11.15"]
[SourceQuality "1"]

1. e4 e5 2. Nf3 d6 3. d4 exd4 4. Nxd4 Nf6 5. Nc3 Be7 6. f3 Nbd7 7. Bc4 Nb6 8. Bb5+ Bd7 9. Nf5 0-0 10. Bxd7 Nfxd7 11. 0-0 Bf6 12. Qe1 Ne5 13. Qg3 Ng6 14. f4 Re8 15. Be3 Bxc3 16. bxc3 Rxe4 17. Bd4 Nd5 18. Qf3 Qe8 19. Nxg7 Qe7 20. Nf5 Qe8 21. Nh6+ Kf8 22. f5 Nh4 23. Qg3 Ne3 24. Bf6 Ng6 25. fxg6 hxg6 26. Rf2 Qe6 27. Bd4 Nf5 28. Nxf5 gxf5 29. Qg5 c5 30. Bf6 Ke8 31. Qg8+ 1-0